| 000 | 00439nam a2200193Ia 4500 | ||
|---|---|---|---|
| 005 | 20251020182547.0 | ||
| 008 | 200515s9999 xx 000 0 und d | ||
| 082 | _a749/B57 | ||
| 100 | _aBLANCH, Juan Antonio | ||
| 245 | 0 | _aLa iluminación en la decoración moderna | |
| 250 | _a2a ed. | ||
| 260 | _aBarcelona | ||
| 260 | _c1977 | ||
| 300 | _a146 | ||
| 650 | _aDECORACION | ||
| 650 | _aILUMINACION | ||
| 650 | _aLIB | ||
| 942 | _cLIB | ||
| 999 |
_c2598 _d2598 |
||